Т. 164, № 1; Теоретическая и математическая физика

Xehetasun bibliografikoak
Parent link:Теоретическая и математическая физика: научный журнал/ Российская академия наук (РАН). Т. 164, № 1.— , 1969-.— 0564-6162
Hizkuntza:errusiera
Argitaratua: 2010
Formatua: MixedMaterials Liburua
KOHA link:https://koha.lib.tpu.ru/cgi-bin/koha/opac-detail.pl?biblionumber=427506

MARC

LEADER 00000nam2a2200000 4500
001 427506
005 20231101074648.0
035 |a (RuTPU)RU\TPU\prd\86757 
090 |a 427506 
100 |a 20100917a19659999k y0rusy50 ca 
101 0 |a rus 
102 |a RU 
200 0 |a Т. 164, № 1 
210 |d 2010 
461 1 |0 (RuTPU)RU\TPU\prd\1730  |x 0564-6162  |t Теоретическая и математическая физика  |o научный журнал  |f Российская академия наук (РАН)  |v Т. 164, № 1  |d 1969- 
801 0 |a RU  |b 63413507  |c 20010227  |g PSBO 
801 1 |a RU  |b 63413507  |c 20100917 
801 2 |a RU  |b 63413507  |c 20201228  |g RCR 
942 |c BK 
999 |a НТБ_ТПУ  |b НФ  |e -1/20100108  |p П-7280  |s 4/20100426  |u 0,00  |v 1